Europäische Länder mit mehreren Amtssprachen - Statistiken

Allgemein
  • Dieses Quiz wurde 100 mal gespielt
  • Das Durchschnittsergebnis liegt bei 11 aus 15
Antwortstatistiken
Anzahl Sprachen Land % Korrekt
4 Schweiz
100%
3 Belgien
95%
3 Luxemburg
87%
2 Finnland
75%
3 Vereinigtes Königreich
74%
2 Irland
73%
4 Schweden
73%
2 Norwegen
69%
2 Malta
65%
2 Vatikanstadt
65%
2 Belarus
63%
3 Bosnien und Herzegowina
61%
4 Österreich
60%
2 Nordmazedonien
55%
2 Portugal
55%
Keine übereinstimmenden Quizze gefunden
Verteilung der Resultate
Anzahl Personen mit jedem Resultat
Perzentil nach korrekt beantworteten Fragen
Ihre Resultats-Entwicklung
Sie haben dieses Quiz noch nicht gespielt